<?xml version="1.0" encoding="UTF-8"?>
<record
    xmlns:xsi="http://www.w3.org/2001/XMLSchema-instance"
    xsi:schemaLocation="http://www.loc.gov/MARC21/slim http://www.loc.gov/standards/marcxml/schema/MARC21slim.xsd"
    xmlns="http://www.loc.gov/MARC21/slim">

  <leader>01625nam a22002057a 4500</leader>
  <controlfield tag="008">120716t        xxu||||| |||| 00| 0 eng d</controlfield>
  <datafield tag="020" ind1=" " ind2=" ">
    <subfield code="a">0471183474</subfield>
  </datafield>
  <datafield tag="050" ind1=" " ind2=" ">
    <subfield code="a">RC388.5.S8569</subfield>
  </datafield>
  <datafield tag="100" ind1=" " ind2=" ">
    <subfield code="a">Miller, Leonard P.</subfield>
  </datafield>
  <datafield tag="245" ind1=" " ind2=" ">
    <subfield code="a">Stroke therapy: basic preclinical, and clinical directions. /</subfield>
    <subfield code="c">edited by Leonard P. Miller</subfield>
  </datafield>
  <datafield tag="260" ind1=" " ind2=" ">
    <subfield code="a">New York:</subfield>
    <subfield code="b">Wiley-Liss,</subfield>
    <subfield code="c">1999.</subfield>
  </datafield>
  <datafield tag="300" ind1=" " ind2=" ">
    <subfield code="a">xvi, 436 p.:</subfield>
    <subfield code="b">ill.;</subfield>
    <subfield code="c">24cm.</subfield>
  </datafield>
  <datafield tag="500" ind1=" " ind2=" ">
    <subfield code="a">Includes bibliographical references and index.</subfield>
  </datafield>
  <datafield tag="505" ind1=" " ind2=" ">
    <subfield code="a">Contents: Basic science: Overview: Cellular and vascular pathophisiology of stroke -- Preclinical models of stroke -- Preclinical studies: Preclinical studies of glutamate receptor antagonists for the treatment of cerebral ischemia -- Aminobutyric acid agonists for neuroprotection -- Adenosine in ischemic brain injury -- Sodium and calcium channel modulators in stroke therapy -- Intracellular events associated with cerebral ischemia -- Nitric oxide: cellular and molecular pathways in stroke -- Free radicals in stroke -- Cellular inflammation in experimental ischemic stroke -- Apoptosis:DNA damage and repair in stroke -- Reparative approaches: Growth factors and other pharmacological treatments -- Clinical direction: Clinical trials for stroke: Design considerstions -- Thrombolytic treatment of thrombotic stroke -- Perioperative stroke, encephalopathy, and CNS dysfunction -- Stroke: present and future therapy.</subfield>
  </datafield>
  <datafield tag="650" ind1=" " ind2=" ">
    <subfield code="a">Cerebrovascular disease </subfield>
    <subfield code="x"> Treatment. </subfield>
  </datafield>
  <datafield tag="650" ind1=" " ind2=" ">
    <subfield code="a">Cerebrovascular disease  </subfield>
    <subfield code="x"> Pathophysiology. </subfield>
  </datafield>
  <datafield tag="650" ind1=" " ind2=" ">
    <subfield code="a">Cerebrovascular Disorders</subfield>
    <subfield code="x">Therapy. </subfield>
  </datafield>
  <datafield tag="700" ind1=" " ind2=" ">
    <subfield code="a">Miller, Leonard P.</subfield>
  </datafield>
  <datafield tag="942" ind1=" " ind2=" ">
    <subfield code="2">lcc</subfield>
    <subfield code="c">BK</subfield>
  </datafield>
  <datafield tag="999" ind1=" " ind2=" ">
    <subfield code="c">1695</subfield>
    <subfield code="d">9195</subfield>
  </datafield>
  <datafield tag="952" ind1=" " ind2=" ">
    <subfield code="0">0</subfield>
    <subfield code="1">0</subfield>
    <subfield code="2">lcc</subfield>
    <subfield code="4">0</subfield>
    <subfield code="7">0</subfield>
    <subfield code="a">WIUC-1</subfield>
    <subfield code="b">WIUC-1</subfield>
    <subfield code="c">GEN</subfield>
    <subfield code="d">2012-07-16</subfield>
    <subfield code="l">0</subfield>
    <subfield code="o">RC388.5.S8569</subfield>
    <subfield code="p">5179/12</subfield>
    <subfield code="r">2012-07-16 00:00:00</subfield>
    <subfield code="t">1</subfield>
    <subfield code="w">2012-07-16</subfield>
    <subfield code="y">BK</subfield>
  </datafield>
</record>
